000 01107cam a2200277 4500
001 X113036
008 000000n2001 000 0 eng u
035 _a(Sirsi) u113036
100 _aPalmer, H.
245 _aUSA special
260 _c2001
490 _aRegeneration and Renewal
_v25 May 2001, 16-21(5)
520 _aA special report on how community development finance initiatives (CDFI) have been used to help reduce the financial exclusion of run-down neighbourhoods in west Philadelphia and how legalised gambling has funded urban regeneration in Atlantic city. Compares the community development finance sectors in the US and UK and asks if Blackpool can successfully adopt the casino-led regeneration model.
650 _aATLANTIC CITY
650 _aBLACKPOOL
650 _aCASINO REGULATION
650 _aCASINOS
650 _aCOMMUNITY DEVELOPMENT INITIATIVES
650 _aCOMMUNITY DEVELOPMENT FINANCE INITIATIVES
650 _aPHILADELPHIA
650 _aUNITED STATES
650 _aURBAN REGENERATION
650 _aURBAN RENEWAL
690 _aREGENERATION
942 _n0
999 _c67282
_d67282